2023 F1 Drivers Standings - Statistics

General Stats
  • This quiz has been taken 79 times
  • The average score is 29 of 32
Answer Stats
Position Driver Team % Correct
1st Max Verstappen -
99%
5th Charles Leclerc -
97%
6th Lando Norris -
97%
3rd Lewis Hamilton -
97%
8th George Russell -
96%
7th Carlos Sainz -
94%
2nd Sergio Perez -
94%
17th Daniel Ricciardo -
93%
10th Lance Stroll -
93%
11th Pierre Gasly -
93%
12th Esteban Ocon -
91%
4th Fernando Alonso -
91%
9th Oscar Piastri -
91%
18th Zhou Guanyu -
91%
13th Alexander Albon -
90%
21st Logan Sargeant -
90%
15th Valtteri Bottas -
90%
14th Yuki Tsunoda -
90%
Mercedes
88%
Red Bull
88%
Ferrari
87%
Haas
87%
McLaren
87%
16th Nico Hulkenberg -
87%
Alpine
86%
Williams
86%
Aston Martin
84%
Alfa Romeo
83%
19th Kevin Magnussen -
83%
22nd Nyck de Vries -
81%
Alpha Tauri
80%
20th Liam Lawson -
78%
No matching quizzes found
Score Distribution
Percent of People with Each Score
Percentile by Number Answered
Your Score History
You have not taken this quiz